Curso de derecho civil

Salvato in:
Dettagli Bibliografici
Autore principale: Alessandri Rodríguez, Arturo (autor)
Natura: Libro
Lingua:spagnolo
Pubblicazione: Santiago Nascimento 1961
Edizione:3a. ed
Soggetti:
Tags: Aggiungi Tag
Nessun Tag, puoi essere il primo ad aggiungerne!!

MARC

LEADER 00000nam a2200000 a 4500
001 UCV1601
003 CL-VaPUC
008 900829e19610000CL |||||||||||||||||spa|d
082 0 4 |a 346.83  |b ALE  |2 21 
100 |a Alessandri Rodríguez, Arturo  |e autor  |9 605353 
245 1 0 |a Curso de derecho civil 
250 |a 3a. ed 
300 |a 2 v 
942 |c BK 
945 |d 19900829 00:00:00 
260 |a Santiago  |b Nascimento  |c 1961 
650 0 |a Actos jurídicos  |9 255748 
650 0 |a Cosa juzgada  |9 255091 
650 0 |a Derecho subjetivo  |9 256705 
650 7 |a PERSONAS DERECHO  |2 CL-VaPUC  |9 256706 
650 7 |a PRUEBA DERECHO  |2 CL-VaPUC  |9 254975 
651 7 |a CHILE  |2 CL-VaPUC  |9 295891 
583 |a last modification  |c 19900829 00:00:00  |k Rodrigo Vera 
999 |c 209524  |d 209522 
952 |0 0  |1 0  |4 0  |6 346_830000000000000_ALE_1961  |7 0  |8 A  |9 184965  |a BIBDER  |b BIBDER  |d 2019-11-14  |h v.1  |i 252287K  |o 346.83 ALE 1961  |p 252287K  |r 2023-01-25  |w 2019-11-14  |y BK  |k DER 
952 |0 0  |1 0  |4 0  |6 346_830000000000000_ALE_1961  |7 0  |8 A  |9 184971  |a BIBDER  |b BIBDER  |d 2019-11-14  |h v.2  |i 2522950  |o 346.83 ALE 1961  |p 2522950  |r 2023-01-25  |w 2019-11-14  |y BK  |k DER